| 000 | 00697nam a2200241Ia 4500 | ||
|---|---|---|---|
| 001 | 1280 | ||
| 003 | GE_BSU | ||
| 008 | 181216s||||||||xx |||||||||||||| ||und|| | ||
| 020 | _a9789941920158 | ||
| 040 | _cGE_BSU | ||
| 080 | _a821.353.1 | ||
| 100 | _aიოსელიანი,ოტია | ||
| 245 | _aგახსოვს,ზედაზენი. | ||
| 245 | _cრედ:გელოვანი,თამარ | ||
| 260 | _aთბილისი | ||
| 260 | _bუსტარი | ||
| 260 | _c2011 | ||
| 300 | _a128 გვ. 15 სმ. | ||
| 541 | _h7 ლ. | ||
| 653 | _aგახსოვს,ზედაზენი. | ||
| 653 | _aლიტერატურა | ||
| 942 | _cBK | ||
| 999 |
_c35424 _d35424 |
||